LEADER 00609naa a2200145 i 4500 001 000000304048 003 CaOOAMICUS 005 20180831172811.0 008 180831n xx u000 u und u 013 $a11827 040 $aSeMil$bita 100 1 $aPyszha, Stanislaw.$0(OLS)http://semarc/name/87206 245 10$aZur Rolle der katholischen Kirche beim Wandel in Polen. 773 0 $tSoziales Denken in einer zerrissenen Welt.$dFreiburg ; Basel ; Wien : Herder, 1991.$kQuaestiones disputatae $z3-451-02136-6$w()39659 996 $6245$aZur Rolle der katholischen Kirche beim Wandel in Polen$9(OLS)http://semarc/title/379998 LEADER 00483naa a2200133 i 4500 001 000000329369 003 CaOOAMICUS 005 20180831173618.0 008 180831n it u000 u ita u 013 $a41029 040 $aSeMil$bita 245 13$aIl diritto di libertà religiosa di fronte alle sfide del pluralismo. 650 4$aLibertà religiosa.$0(OLS)http://semarc/subject/6329 996 $6245$aIl diritto di libertà religiosa di fronte alle sfide del pluralismo$9(OLS)http://semarc/title/417866 LEADER 00775nam a2200217 i 4500 001 000000232638 003 CaOOAMICUS 005 20140902000000.0 008 140902n it u000 u ita u 013 $a211541 040 $aSeMil$bita 100 1 $aNievo, Ippolito,$d<1831-1861>.$0(OLS)http://semarc/name/1540 245 10$a2. 300 $aP. 433-1001. 490 0 $aUniversale economica ;$v323 773 0 $aNievo, Ippolito <1831-1861>$tConfessioni di un italiano.$dMilano : Feltrinelli, 1972.$b3. ed.$w()30459 830 0$aUniversale economica ;$v323.$0(OLS)http://semarc/title/11224 850 $aSeMil 852 $aSeMil$W1$xVenegono$y1$m1A I 73$j182984$B182984$CSeMilBibl$Z2$F195050 $81 961 $aOmaggio: Altro 996 $6245$a2$9(OLS)http://semarc/title/46889 LEADER 01418nam a2200265 i 4500 001 000000036051 003 CaOOAMICUS 005 20140127000000.0 008 140127s1989 it u000 u ita u 013 $a5157 040 $aSeMil$bita 100 1 $aGrabmann, Martin,$d<1875-1949>.$0(OLS)http://semarc/name/6963 245 10$aIntroduzione alla Summa theologiae di S. Tommaso d'Aquino /$cMons. Martin Grabmann Socio della Pontificia Accademia Romana di S. Tommaso d'Aquino ; 2. edizione italiana sulla 2. tedesca con presentazione di Antonio Piolanti. 260 $aCittà del Vaticano :$bLibreria Editrice Vaticana,$c1989. 260 $a[Roma] :$bPontificia Accademia di S. Tommaso,$c1989. 300 $a118 p. ;$c24 cm. 600 04$aTommaso : d'Aquino .$0(OLS)http://semarc/subject/115 650 4$aTomismo - Storia.$0(OLS)http://semarc/subject/6765 700 1 $aPiolanti, Antonio,$c.$0(OLS)http://semarc/name/121 850 $aSeMil 852 $aSeMil$W1$xVenegono$y1$m2N IV 404$j2206$B2206$CSeMilBibl$Z2$F2206 $81 961 $aOmaggio: Scuola Cattolica 996 $6245$aIntroduzione alla Summa theologiae di S. Tommaso d'Aquino$9(OLS)http://semarc/title/49688 996 $6260$a[Roma] :$bPontificia Accademia di S. Tommaso$9(OLS)http://semarc/publisher/55546 996 $6260$aCittà del Vaticano :$bLibreria Editrice Vaticana$9(OLS)http://semarc/publisher/29734 LEADER 00906nam a2200217 i 4500 001 000000072494 003 CaOOAMICUS 005 20090327000000.0 008 090327s1928 fr u000 u fre u 013 $a43666 040 $aSeMil$bita 100 1 $aBrugerette, Joseph <1963-1943>.$0(OLS)http://semarc/name/22733 245 12$aL'art d'être heureux :$bpsychologie chrétienne du bonheur /$cJ. Brugerette. 260 $aParigi :$bP. Lethielleux,$c1928. 300 $aIX, 260 p. ;$c18 cm. 650 4$aFelicità.$0(OLS)http://semarc/subject/7166 650 4$aVita - Meditazioni.$0(OLS)http://semarc/subject/9649 850 $aSeMil 852 $aSeMil$W1$xVenegono$y1$m2Q I 346$j38647$B38647$CSeMilBibl$Z2$F38650 $81 996 $6245$aL'art d'être heureux :$bpsychologie chrétienne du bonheur$9(OLS)http://semarc/title/116889 996 $6260$aParigi :$bP. Lethielleux$9(OLS)http://semarc/publisher/31980